| 000 | 01291nam a2200313 i 4500 | ||
|---|---|---|---|
| 001 | 70082 | ||
| 003 | Mx-PuUPA | ||
| 005 | 20230612132512.0 | ||
| 008 | 230612s2021 xxua fr 000 0 eng d | ||
| 020 |
_a9780867159660 _qempastado |
||
| 040 |
_aMx-PuUPA _bspa _cMx-PuUPA _dMx-PuUPA _erda |
||
| 041 | 0 | _aeng | |
| 100 | 1 |
_aCoceancig, Paul, _914292 _eautor |
|
| 245 | 1 | 0 |
_a6ways to design a face : _bcorrective jaw surgery to optimize bite, airway, and facial balance / _cPaul Coceancing ; ilustrated by Evan M. Stacey |
| 246 | 3 |
_aSix ways to design a fcace : _bcorrective jaw surgery to optimize bite, airway, and facial balance. |
|
| 264 | 1 |
_aBatavia, IL : _bQuintessence Publishing, _c2021 |
|
| 300 |
_avi, 250 páginas : _bilustraciones ; _c29 cm |
||
| 336 |
_2rdacontent _atexto _btxt |
||
| 337 |
_2rdamedia _asin medio _bn |
||
| 338 |
_2rdacarrier _avolumen _bnc |
||
| 650 | 7 |
_2armarc _aMESH : Procedimientos quirúrgicos ortognáticos _xMétodos |
|
| 650 | 7 |
_2armarc _aProcedimientos quirúrgicos reconstructivos _xMétodos |
|
| 700 | 1 |
_aStacey, Evan M., _eilustrador |
|
| 942 |
_2ddc _cLI _h617.522059 _iC655 |
||
| 999 |
_c70082 _d70082 |
||